| 000 | 00608nam a2200193Ia 4500 | ||
|---|---|---|---|
| 003 | IN-BaIIA | ||
| 008 | 211028s9999 xx 000 0 eng d | ||
| 020 | _a981-270-538-4 | ||
| 040 | _cIIA Library | ||
| 080 |
_a530.2 _bKRA |
||
| 100 |
_aKraftmakher, Yaakov _930670 |
||
| 245 | 0 |
_aExperiments and demonstrations in physics _cYaakov Kraftmakher |
|
| 260 |
_aNew Jersey _bWorld Scientific _c2007 |
||
| 300 | _ax, 533p. | ||
| 490 | _aBar-IIan physics laboratory | ||
| 650 |
_aPhysics - demonstrations _930671 |
||
| 650 |
_aPhysics - experiments _930672 |
||
| 942 | _cBK | ||
| 999 |
_c16524 _d16524 |
||